| 000 | 00902nas a2200301 4500 | ||
|---|---|---|---|
| 001 | BR2016001983 | ||
| 003 | BR-BrBNA | ||
| 005 | 20231205130320.0 | ||
| 007 | ta | ||
| 008 | 230509b bl.|||p| |||| 00| 00por d | ||
| 040 |
_aBR-BrBNA _bpor _cBiblioteca Nacional de Agricultura |
||
| 041 | _a(En) | ||
| 072 | _aL40; L74 | ||
| 100 | 1 | _aSan'Ana, F.J.F. de | |
| 100 | 1 | _aReis Junior, J.L.R. | |
| 100 | 1 | _aAraújo, R.L.S. | |
| 100 | 1 | _aGimeno, E.J. | |
| 100 | 1 | _aOrtega, H.H. | |
| 245 | 1 | _aCytoskeletal proteins in the follicular wall of normal and cystic ovaries of sows | |
| 650 | _aPORCA | ||
| 650 | _aMORFOLOGIA ANIMAL | ||
| 650 | _aOVÁRIO | ||
| 650 | _aCISTO | ||
| 650 | _aDISTÚRBIO ANIMAL | ||
| 773 | 0 |
_tPesquisa Veterinária Brasileira (Brazil) _xISSN 0100-736X _g(Feb 2015), v. 35(2) p. 119-124 _wBR2016001983 |
|
| 909 |
_a202311 _bLúcia _c55 _dLúcia Elande |
||
| 942 |
_2AGRIS _n0 _cANA |
||
| 999 |
_c248808 _d248808 |
||